Normal view MARC view
  • Enseñanza técnica

Entry Materia

Number of records used in: 15

001 - NÚMERO DE CONTROL DEL REGISTRO

  • campo de control: 20096

003 - IDENTIFICADOR DE NUMERO DE CONTROL

  • campo de control: MX-MxUPN

005 - FECHA Y HORA DE LA ÚLTIMA TRANSACCIÓN

  • campo de control: 20240923154430.0

008 - DATOS DE LONGITUD FIJA

  • campo de control de longitud fija: 240105dn fnnnnbabd n aaa |d

035 ## - NÚMERO DE CONTROL DEL SISTEMA

  • Número de control del sistema: UPN10000020105

040 ## - FUENTE DE LA CATALOGACIÓN

  • Lengua de catalogación: spa
  • Centro catalogador de origen: MX-MxUPN

150 ## - ENCABEZAMIENTO - TEMÁTICO

  • Término de materia o nombre geográfico como elemento inicial: Enseñanza técnica
  • Subdivisión geográfica: América Latina

670 ## - FUENTE EN LA QUE SE LOCALIZARON DATOS

  • Cita de la fuente: Rovira, C. y Aguayo, J. comps. Lista de encabezamientos de materia para bibliotecas, 1967 :
  • Enlace: página 307 (Enseñanza técnica (Subd. geog.)

670 ## - FUENTE EN LA QUE SE LOCALIZARON DATOS

  • Cita de la fuente: Autoridades BGTQ, 5 enero 2024 :
  • Información localizada: (América Latina)

902 ## - CATALOGADOR

  • Catalogador: MMA/311096
  • Catalogador: VíctorGodínez/050124